Sweden 2026 FIFA World Cup Squad - Statistics

General Stats
  • This quiz has been taken 39 times
  • The average score is 9 of 27
Answer Stats
# Position Player % Correct
FW Viktor Gyökeres
91%
FW Alexander Isak
89%
3 DF © Victor Lindelöf
74%
FW Anthony Elanga
71%
MF Lucas Bergvall
60%
DF Daniel Svensson
40%
Manager Graham Potter
34%
DF Isak Hien
34%
GK Viktor Johansson
31%
DF Gabriel Gudmundsson
29%
DF Gustaf Lagerbielke
29%
FW Taha Ali
29%
MF Yasin Ayari
29%
FW Ken Sema
26%
MF Mattias Svanberg
26%
FW Benjamin Nygren
23%
DF Carl Starfelt
23%
FW Gustaf Nilsson
23%
DF Hjalmar Ekdal
23%
DF Elliot Stroud
20%
DF Emil Holm
20%
1 GK Kristoffer Nordfeldt
20%
FW Alexander Bernhardsson
17%
MF Besfort Zeneli
17%
GK Jacob Widell Zetterström
17%
MF Jesper Karlström
17%
DF Eric Smith
14%
No matching quizzes found
Score Distribution
Percent of People with Each Score
Percentile by Number Answered
Your Score History
You have not taken this quiz